North Carolinian Neighborhoods - Statistics

General Stats
  • This quiz has been taken 13 times
  • The average score is 11 of 20
Answer Stats
Neighborhood Answer % Correct
Eagle Lake Charlotte
100%
Newell Charlotte
100%
Noda Charlotte
100%
Windsor Park Charlotte
100%
Enka Asheville
75%
Trinity Park Durham
75%
Warnersville Greensboro
75%
Whalebone Nags Head
75%
Battery Heights Raleigh
75%
Glenwood Raleigh
75%
Mordecai Raleigh
75%
Echo Farms Wilmington
75%
Hodges Gap Boone
25%
Carolina Dunes Duck
25%
The Point Emerald Isle
25%
Stephenson Fuquay-Varina
25%
Holly Glen Holly Springs
25%
Boogertown Gastonia
0%
Viewmont Hickory
0%
Woodrow New Bern
0%
No matching quizzes found
Score Distribution
Percent of People with Each Score
Percentile by Number Answered
Your Score History
You have not taken this quiz